Lataa...
Genetics notes /
| Päätekijä: | |
|---|---|
| Aineistotyyppi: | Printed Book |
| Kieli: | English |
| Julkaistu: |
Minneapolis :
Burgess Publishing Company,
1966.
|
| Painos: | 6th ed. |
| Aiheet: |
| LEADER | 00508nam a2200157Ia 4500 | ||
|---|---|---|---|
| 008 | 150624b xxu||||| |||| 00| 0 eng d | ||
| 082 | |a 576.5 | ||
| 100 | |a Crow, James F. | ||
| 245 | |a Genetics notes / |c James F. Crow | ||
| 250 | |a 6th ed. | ||
| 260 | |a Minneapolis : |b Burgess Publishing Company, |c 1966. | ||
| 300 | |a 226 p. | ||
| 650 | |x Genetics | ||
| 942 | |c BK | ||
| 999 | |c 540 |d 540 | ||
| 952 | |0 0 |1 0 |4 0 |6 576_500000000000000_CRO_G |7 0 |9 539 |a UL |b UL |c SEC |d 1998-09-07 |l 1 |o 576.5 CRO/G |p 2247 |r 2017-11-15 |s 2017-11-13 |w 2012-10-27 |y BK | ||